Mezinárodní ekonomie vybrané texty a příklady
Gespeichert in:
| 1. Verfasser: | |
|---|---|
| Format: | Buch |
| Sprache: | Tschechisch |
| Veröffentlicht: |
Praha
Alfa Nakladatelství
2009
|
| Schriftenreihe: | Ekonomie studium
|
| Schlagworte: | |
| Tags: |
Keine Tags, Fügen Sie das erste Tag hinzu!
|
MARC
| LEADER | 00000nam$a2200000$$$4500 | ||
|---|---|---|---|
| 001 | 0102405 | ||
| 005 | 20240226134211.4 | ||
| 020 | |a 978-80-87197-18-9 | ||
| 041 | 0 | |a cze | |
| 044 | |a CZ | ||
| 245 | 1 | 0 | |a Mezinárodní ekonomie |b vybrané texty a příklady |c Karel Šrédl |
| 264 | 1 | |a Praha |b Alfa Nakladatelství |c 2009 | |
| 300 | |a 150 s. | ||
| 490 | 1 | |a Ekonomie studium | |
| 830 | 0 | |a Ekonomie studium | |
| 610 | 2 | 0 | |a ekonómia |
| 610 | 2 | 0 | |a teórie ekonomické |
| 610 | 2 | 0 | |a obchod medzinárodný |
| 610 | 2 | 0 | |a financie medzinárodné |
| 610 | 2 | 0 | |a modely |
| 100 | 1 | |a Šrédl, Karel | |